OECD a snaha znižovať ponukovú stránku korupcie

Podstata korupcie a jej negatívny dopad na hospodársky rozvoj. Zapojenie medzinárodných organizácií do znižovania korupcie. Dohovor OECD o boji s podplácaním zahraničných verejných činiteľov v medzinárodných obchodných transakciách (1997). Korupcia je trestným činom. Monitorovanie Dohovoru OECD. Pra...

Ausführliche Beschreibung

Gespeichert in:
Bibliographische Detailangaben
1. Verfasser: Sičáková-Beblavá, Emília
Format: Buchkapitel
Sprache:Slowakisch
Schlagworte:
Tags: Tag hinzufügen
Keine Tags, Fügen Sie das erste Tag hinzu!

MARC

LEADER 00000naa$a2200000$$$4500
001 0036500
005 20221128112800.3
041 0 |a slo 
044 |a SK 
245 1 0 |a OECD a snaha znižovať ponukovú stránku korupcie  |c Emília Sičáková-Beblavá 
520 |a Podstata korupcie a jej negatívny dopad na hospodársky rozvoj. Zapojenie medzinárodných organizácií do znižovania korupcie. Dohovor OECD o boji s podplácaním zahraničných verejných činiteľov v medzinárodných obchodných transakciách (1997). Korupcia je trestným činom. Monitorovanie Dohovoru OECD. Praktický pohľad na súčasný stav implementácie Dohovoru OECD. Index vnímania poskytovania úplatkov. Ďalšie otvorené otázky Dohovoru OECD - aplikácia Dohovoru na dcérske spoločnosti v zahraničí, podplácanie zahraničných politických strán a straníckych predstaviteľov, podplácanie v súkromnom sektore. 
610 2 0 |a korupcia 
610 2 0 |a úplatkárstvo 
610 2 0 |a organizácie medzinárodné 
610 2 0 |a OECD 
610 2 0 |a právo trestné 
610 2 0 |a právo trestné medzinárodné 
100 1 |a Sičáková-Beblavá, Emília